00341nam a2200109 4500008004100000020001800041050002500059100001600084245005200100260005900152300002000211171205b xxu||||| |||| 00| 0 eng d a9789966469885 aPR 9381.9 .O9S8 2014 aOgot, Grace aThe other woman and other stories /cGrace Ogot aNairobi :bEast African Educational Publishers,c2014. a229p. ;c18 cm.